[Event "San Jose de Balcarce Eiroa Cup 10th"]
[Site "San Jose de Balcarce"]
[Date "2017.12.14"]
[Round "4.6"]
[White "Petraglia, Carlos Alberto"]
[Black "Urciuoli, Antonio"]
[Result "1/2-1/2"]
[WhiteElo "1643"]
[BlackElo "1715"]
[PlyCount "40"]
[EventDate "2017.11.30"]
[EventType "swiss"]
[EventRounds "5"]
[EventCountry "ARG"]
[SourceTitle "EXT 2024"]
[Source "ChessBase"]
[SourceDate "2023.10.10"]
[SourceVersion "1"]
[SourceVersionDate "2023.10.10"]
[SourceQuality "1"]

1. d4 Nf6 2. c4 e6 3. Nc3 Bb4 4. Bg5 c5 5. a3 Bxc3+ 6. bxc3 Qa5 7. Bd2 Nc6 8. Nf3 0-0 9. e3 d5 10. Qc2 Qc7 11. Bd3 cxd4 12. cxd4 h6 13. 0-0 Bd7 14. Rfe1 Rac8 15. Rac1 dxc4 16. Qxc4 Qb8 17. Qb3 Ne7 18. Bb4 Nfd5 19. Bxe7 Nxe7 20. Ne5 Bc6 1/2-1/2